Partidos políticos y estado de bienestar en américa latina (Registro nro. 307554)

Detalles MARC
000 -ENCABEZADO
Número de control [NR] 00906 a2200241 4500
005 - FECHA Y HORA DE LA ÚLTIMA TRANSACCIÓN
control field 20171009072215.0
008 - DE LONGITUD FIJA DE DATOS DE ELEMENTOS - INFORMACIÓN GENERAL
Elementos de longitud fija [NR] 171009s2017 ag ||||| |||| 00| 0 spa d
020 ## - NUMERO INTERNACIONAL NORMALIZADO PARA LIBROS [R]
Número Internacional Normalizado del libro [NR] 9788416467976
040 ## - FUENTE DE CATALOGACION [NR]
Agencia de catalogación original [NR] CO-BoUCM
Idioma de catalogación [NR] spa
Quien Cataloga Saul Niño
Quien Clasifica Saul Niño
041 1# - CODIGO DE IDIOMA [R]
Código de idioma para texto/pista de sonido o título separado [R] Español
100 1# - ASIENTO PRINCIPAL--NOMBRE PERSONAL [NR]
Nombre personal [NR] Pribble, Jennifer
ID Autoridad 87537
245 10 - MENCION DE TITULO [NR]
Título [NR] Partidos políticos y estado de bienestar en américa latina
Mención de responsabilidad, etc. [NR] Jennifer Pribble ; traducción Soledad Marambio
260 ## - PUBLICACION, DISTRIBUCION, ETC. (PIE DE IMPRENTA) [R]
Lugar de publicación, distribución, etc. [R] Buenos Aires
Nombre del editor, distribuidor, etc. [R] Miño y Dávila
Fecha de publicación, distribución, etc. [R] 2017
300 ## - DESCRIPCION FISICA [R]
Extensión [R] 259 páginas
650 #7 - ASIENTO SECUNDARIO DE MATERIA - TERMINO TEMATICO [R]
9 (RLIN) 7900
Término temático o nombre geográfico como elemento de entrada [NR] Partidos políticos
650 #7 - ASIENTO SECUNDARIO DE MATERIA - TERMINO TEMATICO [R]
9 (RLIN) 22021
Término temático o nombre geográfico como elemento de entrada [NR] Política social
650 #7 - ASIENTO SECUNDARIO DE MATERIA - TERMINO TEMATICO [R]
Término temático o nombre geográfico como elemento de entrada [NR] América Latina
Subdivisión general [R] Condiciones sociales
9 (RLIN) 87538
650 #7 - ASIENTO SECUNDARIO DE MATERIA - TERMINO TEMATICO [R]
Término temático o nombre geográfico como elemento de entrada [NR] América Latina
Subdivisión general [R] Política y gobierno
9 (RLIN) 87539
700 10 - ASIENTO SECUNDARIO - NOMBRE PERSONAL [R]
Nombre personal [NR] Marambio, Soledad
Término de relación [R] traductor
9 (RLIN) 87540
765 ## - ASIENTO DE IDIOMA ORIGINAL [R]
Título [NR] Welfare and party politics in Latin America
942 ## - ELEMENTOS DE ENTRADA AGREGADOS (KOHA)
Tipo de ítem principal el descrito en 300a Libro
Sistema de clasificación DEWEY
Tema principal Sociología
Edición 1
Clasificación 361.8
Parte restante de la signatura top. P945p
Existencias
Fecha de último préstamo Total préstamos Total Renewals Signatura topográfica Código de barras Última vez visto Ejemplar Costo de reposición Price effective from Tipo de ítem Perdido Sistema de clasificación Dañado No prestable Tipo de ítem específico Suprimido Ubicación habitual Ubicación actual Localización Fecha de creación Proveedor Forma de adquisición Costo
29/07/2025 1 3 361.8 P945p 100154080 09/12/2025 Ej.1 26000.00 03/10/2017 Libro   DEWEY     Libro   Claustro Claustro 2do piso 03/10/2017 12 Donación 0.00